| 000 | 00712cam a2200217 a 4500 | ||
|---|---|---|---|
| 020 | _a1559341734 | ||
| 040 | _cDLC | ||
| 082 | 0 | 0 | _a613 MAN 1993 C171 Or. |
| 100 | 1 | _aRailey, Jim H. | |
| 245 | 1 | 0 | _aManaging physical education, fitness, and sports programs / |
| 250 | _a2nd ed. | ||
| 260 |
_aMountain View, Calif. : _bMayfield Pub. Co., _cc1993. |
||
| 300 |
_ax, 340 p. : _bill. ; _c25 cm. |
||
| 650 | 0 | _aPhysical education and training | |
| 650 | 0 | _aRecreation leadership. | |
| 650 | 0 | _aSports administration. | |
| 700 | 1 | _aTschauner, Peggy Railey. | |
| 856 | 4 | 2 | _uhttp://www.loc.gov/catdir/description/mh024/92012796.html |
| 856 | 4 | 1 | _uhttp://www.loc.gov/catdir/toc/mh023/92012796.html |
| 942 | _cAEDBB | ||
| 999 |
_c22225 _d22225 |
||